LEADER 01290nam a22002651i 4500 001 991003860189707536 005 20040708104020.0 008 040802s2000 it |||||||||||||||||ita 035 $ab13138789-39ule_inst 035 $aARCHE-109139$9ExL 040 $aBiblioteca Interfacoltà$bita$cA.t.i. Arché s.c.r.l. Pandora Sicilia s.r.l. 082 04$a336.205 245 00$aTeoria e fatti del federalismo fiscale :$bdibattito sul volume di Domenicantonio Fausto e Federico Pica /$cinterventi di Nino Novacco ... [et al.] 260 $aRoma :$b[s.n.],$c2000 300 $a73 p. ;$c24 cm 440 0$aQuaderni di informazioni Svimez ;$v4 500 $aIn testa al front.: Svimez, Associazione per lo sviluppo dell'industria nel Mezzogiorno 700 1 $aNovacco, Nino$eauthor$4http://id.loc.gov/vocabulary/relators/aut$0471063 907 $a.b13138789$b02-04-14$c05-08-04 912 $a991003860189707536 945 $aLE002 SP 330/SVI04$g1$i2002000453822$lle002$nC. 1$o-$pE0.00$q-$rl$s- $t0$u0$v0$w0$x0$y.i13775741$z05-08-04 945 $aLE009 Per. St. 173.1,4$g1$i2009000262799$lle009$o-$pE7.00$q-$rn$so $t0$u0$v0$w0$x0$y.i14165569$z07-12-05 996 $aTeoria e fatti del federalismo fiscale$91450362 997 $aUNISALENTO 998 $ale002$ale009$b05-08-04$cm$da $e-$fita$git $h0$i1 LEADER 03220nam 22006253 450 001 996659456503316 005 20250313080342.0 010 $a9783839476611 010 $a3839476615 024 7 $a10.1515/9783839476611 035 $a(CKB)37612572100041 035 $a(MiAaPQ)EBC31953909 035 $a(Au-PeEL)EBL31953909 035 $a(DE-B1597)773830 035 $a(DE-B1597)9783839476611 035 $a(ScCtBLL)fef7e6cd-05be-4fda-a14a-0b2526d618d2 035 $a(EXLCZ)9937612572100041 100 $a20250313d2025 uy 0 101 0 $ager 135 $aur||||||||||| 181 $ctxt$2rdacontent 182 $cc$2rdamedia 183 $acr$2rdacarrier 200 14$aDie Deutsche Sprache Queeren $eZur Geschlechtergerechten Sprachpraxis Im Hochschulkontext 205 $a1st ed. 210 1$aBielefeld :$ctranscript Verlag,$d2025. 210 4$d©2025. 215 $a1 online resource (485 pages) 225 0 $aQueer Studies ;$v45 311 08$a9783837676617 311 08$a3837676617 327 $tFrontmatter -- $tInhalt -- $tDanksagung -- $t1 Einleitung -- $t2 Zur Terminologie -- $t3 Forschungs(gegen)stand Sprachleitfaden -- $tI Kontext -- $t4 Institutioneller Kontext -- $t5 Historischer Kontext -- $t6 Rechtlicher Kontext -- $tII Theoretischer Teil -- $t7 Queer Theory -- $t8 Geschichte und Theorien der linguistischen Geschlechterforschung -- $t9 Strategien des (Ent-)Genderns -- $tIII Aktueller Diskurs -- $t10 Gendern und Öffentlichkeit -- $t11 Aktuelle (Contra-)Argumente in der »Gendern-Debatte« -- $tIV Empirischer Teil -- $t12 Method(ologi)en zur Analyse und Auswertung -- $t13 Daten (D) -- $t14 Ergebnisse der Leitfadenanalyse und Diskussion -- $t15 Ergebnisse aus dem Kontextfragebogen und Diskussion -- $t16 Fazit -- $tV Outreach-Aktivitäten -- $t17 Gendern.ch und RespACT! -- $t18 Schlusswort und Ausblick -- $tLiteraturverzeichnis -- $tAbbildungs- und Tabellenverzeichnis 330 $aWie können non-binäre Menschen in der deutschen Sprache berücksichtigt werden? Welche sprachlichen Strategien ermöglichen mehr Geschlechtergerechtigkeit und welche Herausforderungen gehen damit einher? Lovis Noah A. S. Cassaris verbindet dazu theoretische Ansätze der Queer Theory mit historischen sowie aktuellen rechtlichen und institutionellen Kontexten. Anhand einer Analyse von Sprachleitfäden an Schweizer Hochschulen werden Handlungsempfehlungen diskutiert und Diskurse beleuchtet, die unsere Gesellschaft in den kommenden Jahren prägen werden. 606 $aLANGUAGE ARTS & DISCIPLINES / Linguistics / General$2bisacsh 610 $aGender. 610 $aGeschlecht. 610 $aGesellschaft. 610 $aLanguage. 610 $aLinguistics. 610 $aLinguistik. 610 $aQueer Theory. 610 $aSociety. 610 $aSprache. 610 $aSprachwissenschaft. 610 $aUniversity. 610 $aUniversität. 615 7$aLANGUAGE ARTS & DISCIPLINES / Linguistics / General. 700 $aCassaris$b Lovis Noah$01789179 801 0$bMiAaPQ 801 1$bMiAaPQ 801 2$bMiAaPQ 906 $aBOOK 912 $a996659456503316 996 $aDie Deutsche Sprache Queeren$94331266 997 $aUNISA